000 00312nam a22001337a 4500
008 170302b xxu||||| |||| 00| 0 eng d
020 _a9780721697826
041 _aeng
080 _23 ED
_a616.073
100 _a6
101 _aSHM
245 _aRADIOLOGIC SCIENCES AND PATIENT CARE
_cADLER.A.M
942 _2udc
_cBK
999 _c6643
_d6643